[Event "Steinfurt Bezirksklasse 1819"]
[Site "Germany"]
[Date "2019.03.23"]
[Round "7.1"]
[White "Schroeter, Manfred"]
[Black "Otte, Dieter"]
[Result "1-0"]
[WhiteElo "1836"]
[BlackElo "1379"]
[PlyCount "97"]
[EventDate "2018.09.29"]
[EventType "team-tourn"]
[EventRounds "7"]
[EventCountry "GER"]
[SourceTitle "EXT 2020"]
[Source "ChessBase"]
[SourceDate "2019.10.17"]
[SourceVersion "1"]
[SourceVersionDate "2019.10.17"]
[SourceQuality "1"]
[WhiteTeam "Saerbeck II"]
[BlackTeam "Nordwalde II"]
[WhiteTeamCountry "GER"]
[BlackTeamCountry "GER"]

1. e4 e5 2. Nf3 Nc6 3. Bb5 d6 4. c3 Nf6 5. d3 Bd7 6. Nbd2 Be7 7. Nf1 a6 8. Ba4 b5 9. Bb3 Na5 10. Bc2 c5 11. Ng3 Nc6 12. 0-0 0-0 13. a3 d5 14. exd5 Nxd5 15. d4 exd4 16. cxd4 Bg4 17. dxc5 Bxc5 18. Be4 Nd4 19. Qd3 Nxf3+ 20. gxf3 Nf6 21. Qxd8 Raxd8 22. fxg4 Nxg4 23. Kg2 Rfe8 24. h3 Nf6 25. Bg5 Rd6 26. Bxf6 Rxf6 27. Rad1 Kf8 28. Bf3 Bd6 29. Rd2 Bf4 30. Rc2 Rd8 31. Rd1 Rxd1 32. Bxd1 Rd6 33. Be2 g6 34. Kf3 Be5 35. Ne4 Rd8 36. b4 Kg7 37. Rd2 Rxd2 38. Nxd2 Bb2 39. Nb1 Kf6 40. Ke4 Ke6 41. Bd1 f6 42. Bb3+ Kd6 43. Kd3 h6 44. a4 bxa4 45. Bxa4 g5 46. Ke4 Ke6 47. Bb3+ Kd6 48. Bc4 Kc7 49. Bxa6 1-0

[Event "Steinfurt Bezirksklasse 1819"]
[Site "Germany"]
[Date "2018.09.29"]
[Round "1.1"]
[White "Otte, Dieter"]
[Black "Utmann, Peter"]
[Result "1/2-1/2"]
[WhiteElo "1379"]
[BlackElo "1414"]
[PlyCount "146"]
[EventDate "2018.09.29"]
[EventType "team-tourn"]
[EventRounds "7"]
[EventCountry "GER"]
[SourceTitle "EXT 2020"]
[Source "ChessBase"]
[SourceDate "2019.10.17"]
[SourceVersion "1"]
[SourceVersionDate "2019.10.17"]
[SourceQuality "1"]
[WhiteTeam "Nordwalde II"]
[BlackTeam "Reckenfeld II"]
[WhiteTeamCountry "GER"]
[BlackTeamCountry "GER"]

1. e4 c5 2. Nf3 Nc6 3. Nc3 a6 4. d4 cxd4 5. Nxd4 Nxd4 6. Qxd4 e6 7. Be2 Qc7 8. Be3 b5 9. a3 Bb7 10. Rd1 Rc8 11. 0-0 Nf6 12. Bg5 Bc5 13. Qd3 Be7 14. e5 Nd5 15. Bxe7 Nxc3 16. bxc3 Kxe7 17. f4 Bd5 18. Bf3 Qxc3 19. Bxd5 exd5 20. Qxd5 Qc5+ 21. Qxc5+ Rxc5 22. Rf2 Rhc8 23. Rfd2 R8c7 24. Rd6 a5 25. Rb6 R7c6 26. Rb7 Rc7 27. Rb6 a4 28. g3 Rxc2 29. Rxb5 Rc1 30. Rb1 Rxd1+ 31. Rxd1 Rc3 32. Ra1 Rc2 33. Rd1 Rc3 34. Ra1 Ke6 35. Kg2 f6 36. exf6 Kxf6 37. Ra2 d5 38. Kf2 Kf5 39. Re2 d4 40. Re5+ Kf6 41. Rd5 d3 42. Ke3 Rxa3 43. Rxd3 Ra2 44. Kf3 a3 45. Rd6+ Ke7 46. Ra6 Ra1 47. Kg2 a2 48. Kh3 Kf7 49. Kg2 Ke7 50. Kh3 Kd7 51. f5 Kc7 52. g4 Kb7 53. Ra3 Kb6 54. g5 Kb5 55. f6 gxf6 56. gxf6 Kb4 57. f7 Rf1 58. Rxa2 Rxf7 59. Re2 Kc4 60. Kh4 Kd4 61. h3 Rg7 62. Kh5 Kd3 63. Re8 Kd4 64. h4 Kd5 65. Kh6 Rf7 66. h5 Kd6 67. Rh8 Ke6 68. Rxh7 Rf6+ 69. Kg5 Rf5+ 70. Kg4 Rf6 71. Rc7 Rf1 72. Kg5 Rf5+ 73. Kh6 Kf6 1/2-1/2

[Event "Steinfurt Bezirksklasse 1314"]
[Site "Germany"]
[Date "2013.12.07"]
[Round "3.5"]
[White "Otte, Dieter"]
[Black "Goihl, Annika"]
[Result "1-0"]
[WhiteElo "1416"]
[BlackElo "1408"]
[PlyCount "47"]
[EventDate "2013.10.05"]
[EventType "team-tourn"]
[EventRounds "9"]
[EventCountry "GER"]
[SourceTitle "EXT 2015"]
[Source "ChessBase"]
[SourceDate "2014.11.20"]
[SourceVersion "1"]
[SourceVersionDate "2014.11.20"]
[SourceQuality "1"]
[WhiteTeam "Nordwalde II"]
[BlackTeam "Emsdetten Rochade IV"]
[WhiteTeamCountry "GER"]
[BlackTeamCountry "GER"]

1. e4 c6 2. d4 d5 3. e5 Bf5 4. Bd3 Bxd3 5. Qxd3 e6 6. Nf3 Nd7 7. a3 c5 8. c3 cxd4 9. cxd4 Ne7 10. Bd2 Nc6 11. Nc3 a6 12. 0-0 Be7 13. Ne2 0-0 14. Kh1 h6 15. Nfg1 Rc8 16. Nh3 Kh8 17. g4 f6 18. f4 fxe5 19. fxe5 Rxf1+ 20. Rxf1 g5 21. Qg6 Qg8 22. Qxh6+ Qh7 23. Qxh7+ Kxh7 24. Bxg5 1-0

[Event "Steinfurt Bezirksklasse 1314"]
[Site "Germany"]
[Date "2013.11.16"]
[Round "2.4"]
[White "Otte, Dieter"]
[Black "Peters, Tobias"]
[Result "1-0"]
[WhiteElo "1416"]
[BlackElo "1528"]
[PlyCount "79"]
[EventDate "2013.10.05"]
[EventType "team-tourn"]
[EventRounds "9"]
[EventCountry "GER"]
[SourceTitle "EXT 2015"]
[Source "ChessBase"]
[SourceDate "2014.11.20"]
[SourceVersion "1"]
[SourceVersionDate "2014.11.20"]
[SourceQuality "1"]
[WhiteTeam "Nordwalde II"]
[BlackTeam "Rheine SG"]
[WhiteTeamCountry "GER"]
[BlackTeamCountry "GER"]

1. e4 e5 2. Nf3 Nc6 3. d4 exd4 4. c3 dxc3 5. Nxc3 d6 6. Bc4 h6 7. e5 Be6 8. Bxe6 fxe6 9. Qb3 Qc8 10. Bf4 d5 11. 0-0 Nge7 12. Nb5 a6 13. Nbd4 Nxd4 14. Nxd4 c6 15. Qc2 Kd7 16. Bd2 Qe8 17. Qb3 Rb8 18. Rac1 g5 19. f4 gxf4 20. Rxf4 Bg7 21. Nf3 Ng6 22. Rb4 Kc7 23. Be3 b5 24. Bc5 Nxe5 25. Nxe5 Bxe5 26. Qa3 Kb7 27. Re1 Bc7 28. Qh3 e5 29. a4 Ba5 30. axb5 Bxb4 31. bxa6+ Kxa6 32. Ra1+ Kb5 33. Bxb4 Kxb4 34. Qc3+ Kb5 35. Qa5+ Kc4 36. Ra4+ Kd3 37. Qc3+ Ke2 38. Qf3+ Kd2 39. Ra3 Qg6 40. Qf2+ 1-0

[Event "Steinfurt Bezirksklasse 1213"]
[Site "Germany"]
[Date "2013.01.19"]
[Round "4.8"]
[White "Gutjahr, Vladimir"]
[Black "Otte, Dieter"]
[Result "0-1"]
[WhiteElo "1385"]
[BlackElo "1414"]
[PlyCount "52"]
[EventDate "2012.09.29"]
[EventType "team-tourn"]
[EventRounds "9"]
[EventCountry "GER"]
[SourceTitle "EXT 2015"]
[Source "ChessBase"]
[SourceDate "2014.11.20"]
[SourceVersion "1"]
[SourceVersionDate "2014.11.20"]
[SourceQuality "1"]
[WhiteTeam "Steinfurt III"]
[BlackTeam "Nordwalde II"]
[WhiteTeamCountry "GER"]
[BlackTeamCountry "GER"]

1. d4 d5 2. Bf4 Bf5 3. Nf3 e6 4. Nbd2 Bd6 5. e3 Nf6 6. Ne5 Nbd7 7. Bb5 a6 8. Bd3 Bxe5 9. dxe5 Ne4 10. Nf3 Ndc5 11. Nd4 Bg6 12. 0-0 Nxd3 13. cxd3 Nc5 14. Qd2 Nxd3 15. Bg3 Nc5 16. f3 c6 17. Qc3 Qb6 18. b3 a5 19. Kh1 0-0 20. Bf2 Nd3 21. Bg1 Qb4 22. Qxb4 axb4 23. f4 Ra5 24. Bf2 Rfa8 25. a4 bxa3 26. b4 Ra4 0-1

[Event "Steinfurt Bezirksliga 1112"]
[Site "Germany"]
[Date "2012.01.07"]
[Round "4.7"]
[White "Otte, Dieter"]
[Black "Winter, Reinhold"]
[Result "1/2-1/2"]
[WhiteElo "1412"]
[BlackElo "1519"]
[PlyCount "79"]
[EventDate "2011.10.01"]
[EventType "team-tourn"]
[EventRounds "9"]
[EventCountry "GER"]
[SourceTitle "EXT 2013"]
[Source "ChessBase"]
[SourceDate "2012.11.22"]
[SourceVersion "1"]
[SourceVersionDate "2012.11.22"]
[SourceQuality "1"]
[WhiteTeam "Nordwalde II"]
[BlackTeam "Neuenkirchen II"]
[WhiteTeamCountry "GER"]
[BlackTeamCountry "GER"]

1. e4 e6 2. Nc3 d5 3. exd5 exd5 4. d4 Bb4 5. Bd2 Nf6 6. Qe2+ Be6 7. Nf3 0-0 8. 0-0-0 Bg4 9. h3 Re8 10. Qb5 Bxc3 11. Bxc3 Bxf3 12. gxf3 Qc8 13. h4 c6 14. Qd3 Nh5 15. Bd2 Qc7 16. Bh3 Nf4 17. Bxf4 Qxf4+ 18. Kb1 Na6 19. Bg4 Re7 20. Qd2 Qxd2 21. Rxd2 Rae8 22. Rdd1 g6 23. Kc1 h5 24. Bh3 Re2 25. Rd2 Re1+ 26. Rxe1 Rxe1+ 27. Rd1 Rxd1+ 28. Kxd1 f5 29. Kd2 Kf7 30. Bf1 Nc7 31. f4 Ke6 32. Ke3 Ne8 33. b3 b5 34. b4 Nf6 35. f3 Nd7 36. c3 Nb6 37. Kd2 Kd6 38. Bd3 Kc7 39. Be2 Na4 40. Kc2 1/2-1/2

[Event "Steinfurt Bezirksklasse 0910"]
[Site "Germany"]
[Date "2009.11.28"]
[Round "2.8"]
[White "Erber, Georg"]
[Black "Otte, Dieter"]
[Result "1/2-1/2"]
[WhiteElo "1220"]
[BlackElo "1460"]
[PlyCount "65"]
[EventDate "2009.09.26"]
[EventType "team-tourn"]
[EventRounds "7"]
[EventCountry "GER"]
[SourceTitle "EXT 2011"]
[Source "ChessBase"]
[SourceDate "2010.11.26"]
[SourceVersion "1"]
[SourceVersionDate "2010.11.26"]
[SourceQuality "1"]
[WhiteTeam "Saerbeck III"]
[BlackTeam "Nordwalde II"]
[WhiteTeamCountry "GER"]
[BlackTeamCountry "GER"]

1. c4 e5 2. e4 Nf6 3. d3 d6 4. Be2 Nc6 5. h3 Nd4 6. Be3 c5 7. Nf3 Bd7 8. Nxd4 cxd4 9. Bd2 Qb6 10. b4 Be7 11. a4 0-0 12. 0-0 Qc7 13. Bg5 Qd8 14. Nd2 Ne8 15. Bxe7 Qxe7 16. b5 Qg5 17. Nf3 Qg6 18. Nh4 Qf6 19. Nf3 Nc7 20. Nh2 Ne6 21. Bg4 Nc5 22. Bxd7 Nxd7 23. Ng4 Qe7 24. f4 f6 25. f5 Nc5 26. Rf3 Kf7 27. Nf2 Ke8 28. g4 Kd7 29. h4 Rg8 30. h5 h6 31. Qb1 Qd8 32. a5 b6 33. a6 1/2-1/2

[Event "Steinfurt Bezirksklasse 0809"]
[Site "Germany"]
[Date "2008.09.13"]
[Round "1.1"]
[White "Otte, Dieter"]
[Black "Menz, Robert"]
[Result "1/2-1/2"]
[WhiteElo "1429"]
[BlackElo "1552"]
[PlyCount "48"]
[EventDate "2008.09.13"]
[EventType "team-tourn"]
[EventRounds "7"]
[EventCountry "GER"]
[SourceTitle "EXT 2010"]
[Source "ChessBase"]
[SourceDate "2010.11.25"]
[SourceVersion "1"]
[SourceVersionDate "2010.11.25"]
[SourceQuality "1"]
[WhiteTeam "Nordwalde III"]
[BlackTeam "Saerbeck III"]
[WhiteTeamCountry "GER"]
[BlackTeamCountry "GER"]

1. e4 e5 2. Nf3 Nf6 3. Nc3 Nc6 4. Bc4 Bc5 5. d3 d6 6. 0-0 h6 7. Be3 Bxe3 8. fxe3 Bg4 9. Qe1 Na5 10. Bb3 Nxb3 11. axb3 Be6 12. Ne2 Qd7 13. Qb4 c6 14. c4 Ng4 15. Qd2 0-0 16. d4 d5 17. exd5 cxd5 18. Nxe5 Nxe5 19. dxe5 dxc4 20. Qxd7 Bxd7 21. bxc4 Rfe8 22. Ra5 Bc6 23. Rfa1 a6 24. Nd4 Be4 1/2-1/2

[Event "Steinfurt Bezirksklasse 0607"]
[Site "Germany"]
[Date "2007.02.24"]
[Round "5.1"]
[White "Terhorst, Timo"]
[Black "Otte, Dieter"]
[Result "1/2-1/2"]
[WhiteElo "1583"]
[BlackElo "1444"]
[PlyCount "101"]
[EventDate "2006.09.30"]
[EventType "team-tourn"]
[EventRounds "7"]
[EventCountry "GER"]
[SourceTitle "EXT 2008"]
[Source "ChessBase"]
[SourceDate "2007.11.25"]
[SourceVersion "1"]
[SourceVersionDate "2007.11.25"]
[SourceQuality "1"]
[WhiteTeam "Rheine SG"]
[BlackTeam "Nordwalde III"]
[WhiteTeamCountry "GER"]
[BlackTeamCountry "GER"]

1. e4 e5 2. Nf3 Nc6 3. Bb5 d6 4. 0-0 Qf6 5. Nc3 a6 6. Bc4 Be6 7. Nd5 Qd8 8. d4 Nf6 9. Bg5 Be7 10. Bxf6 Bxf6 11. Nxf6+ Qxf6 12. d5 Na5 13. dxe6 Nxc4 14. exf7+ Qxf7 15. b3 Nb6 16. c4 Nd7 17. Qd2 0-0 18. Rac1 Nc5 19. Rfe1 Qf4 20. Qd5+ Qf7 21. b4 Qxd5 22. cxd5 Nd3 23. Rxc7 Nxe1 24. Nxe1 Rf7 25. Rc3 Rd8 26. Nd3 Rdd7 27. f3 Rc7 28. Rb3 Rc2 29. b5 axb5 30. Rxb5 Rxa2 31. Rb6 Ra6 32. Rb5 Rc7 33. f4 exf4 34. Nxf4 Ra1+ 35. Kf2 Rf7 36. Kg3 Ra4 37. Ne6 Rxe4 38. Nd8 Rd7 39. Nxb7 Ree7 40. Na5 Rc7 41. Nc6 Re3+ 42. Kf2 Rc3 43. g3 Rc5 44. Rb8+ Kf7 45. Nd8+ Kg6 46. Ne6 Rc8 47. Rb7 Rxd5 48. Nf4+ Kh6 49. Nxd5 Rc2+ 50. Kf3 Rxh2 51. Kg4 1/2-1/2